| 000 | 00668nam a2200229 a 4500 | ||
|---|---|---|---|
| 001 | BRCA_7304 | ||
| 005 | 20190320205803.0 | ||
| 008 | 260412s2012----mx-a######---#000-0#spa-# | ||
| 020 | _a9786076050767 | ||
| 041 | _aspa | ||
| 044 | _amx | ||
| 050 | 4 |
_aNK844 _b.P43 2012 |
|
| 245 | 1 | 0 | _aPecados y milagros. |
| 260 |
_aMéxico _bMUNAL _c2012 |
||
| 300 |
_a255 p. _bil. a color _c21 cm. |
||
| 500 | _aIncluye lista catalográfica | ||
| 500 | _aIncluye piezas de la colección Franz Mayer: p. 54 | ||
| 500 | _a2do. ejemplar en el Área de Investigación | ||
| 650 | 1 | 4 |
_aExvotos _ySiglo XVIII-XX _zMéxico _918067 |
| 650 | 1 | 4 |
_aExvotos en el arte _92452 |
| 942 |
_2lcc _cB |
||
| 999 |
_c6980 _d6980 |
||